El aire y los sueños (Record no. 16707)
[ view plain ]
| 000 -LEADER | |
|---|---|
| campo de control de longitud fija | 00981nam a2200277 i 4500 |
| 001 - NÚMERO DE CONTROL | |
| campo de control | 16707 |
| 003 - IDENTIFICADOR DE NÚMERO DE CONTROL | |
| campo de control | ES-MaACL |
| 005 - FECHA Y HORA DE LA ÚLTIMA TRANSACCIÓN | |
| campo de control | 20250801043711.0 |
| 007 - CAMPO FIJO DE DESCRIPCIÓN FÍSICA--INFORMACIÓN GENERAL | |
| campo de control de longitud fija | t| |
| 008 - DATOS DE LONGITUD FIJA--INFORMACIÓN GENERAL | |
| campo de control de longitud fija | 001026s1997 mx ||||1| spa d |
| 020 ## - NÚMERO INTERNACIONAL ESTÁNDAR DEL LIBRO | |
| Número Internacional Estándar del Libro | 968-16-4178-7 |
| 080 ## - NÚMERO DE LA CLASIFICACIÓN DECIMAL UNIVERSAL | |
| Número de la Clasificación Decimal Universal | 159.954 |
| 080 ## - NÚMERO DE LA CLASIFICACIÓN DECIMAL UNIVERSAL | |
| Número de la Clasificación Decimal Universal | 551.51(0:82) |
| 100 1# - ENTRADA PRINCIPAL--NOMBRE DE PERSONA | |
| Nombre de persona | Bachelard, Gaston. |
| 9 (RLIN) | 24466 |
| 245 13 - MENCIÓN DEL TÍTULO | |
| Título | El aire y los sueños |
| Resto del título | : ensayo sobre la imaginación del movimiento / |
| Mención de responsabilidad, etc. | por Gaston Bachelard ; [traducción de Ernestina de Champourcin]. |
| 250 ## - MENCION DE EDICION | |
| Mención de edición | 1ª ed. en español, 7ª reimp. |
| 260 ## - PUBLICACIÓN, DISTRIBUCIÓN, ETC. | |
| Lugar de publicación, distribución, etc. | México : |
| Nombre del editor, distribuidor, etc. | Fondo de Cultura Económica, |
| Fecha de publicación, distribución, etc. | 1997. |
| 300 ## - DESCRIPCIÓN FÍSICA | |
| Extensión | 327 p. ; |
| Dimensiones | 17 cm. |
| 490 1# - MENCIÓN DE SERIE | |
| Mención de serie | Breviarios del Fondo de Cultura Económica ; |
| Designación de volumen o secuencia | 139 |
| 650 14 - PUNTO DE ACCESO ADICIONAL DE MATERIA--TÉRMINO DE MATERIA | |
| Término de materia o nombre geográfico como elemento de entrada | Imaginación. |
| 9 (RLIN) | 13598 |
| 650 #4 - PUNTO DE ACCESO ADICIONAL DE MATERIA--TÉRMINO DE MATERIA | |
| Término de materia o nombre geográfico como elemento de entrada | Aire- |
| Subdivisión general | En la literatura. |
| 9 (RLIN) | 9706 |
| 700 1# - ENTRADA AGREGADA--NOMBRE PERSONAL | |
| Nombre de persona | Champourcin, Ernestina de, |
| Fechas asociadas al nombre | 1905-1999 |
| 9 (RLIN) | 37933 |
| 830 1# - PUNTO DE ACCESO ADICIONAL DE SERIE-TÍTULO UNIFORME | |
| Título uniforme | Breviarios del Fondo de Cultura Económica ; |
| Designación de volumen o secuencia | 139 |
| 9 (RLIN) | 179682 |
| 852 ## - LOCALIZACIÓN | |
| Ubicación | ES-MaACL |
| Número de control de estantería | L-23764 |
| Estatus retirado | Estado de pérdida | Estado de daño | No para préstamo | Biblioteca de origen | Biblioteca actual | Ubicación en estantería | Fecha de adquisición | Fuente de adquisición | Total de préstamos | Signatura topográfica completa | Código de barras | Visto por última vez | Precio de reemplazo | Tipo de ítem Koha |
|---|---|---|---|---|---|---|---|---|---|---|---|---|---|---|
| Biblioteca del Ateneo de Madrid | Biblioteca del Ateneo de Madrid | Depósito 2 | 17/01/2008 | L-23764 | 1016969 | 23/02/2023 | 23/02/2023 | Libro impreso |
